| 000 | 01045nam a2200277Ia 4500 | ||
|---|---|---|---|
| 003 | OSt | ||
| 005 | 20220923211557.0 | ||
| 006 | a|||||r|||| 00| 0 | ||
| 007 | ta | ||
| 008 | 220922b |||||||| |||| 00| 0 hin d | ||
| 020 |
_a9789386081032 (hbk) _c500 |
||
| 024 | _a325,032 | ||
| 037 |
_b339, 10/02/2018, Eastern Book Linkers _cTextual |
||
| 040 |
_aARTS _cARTS _bhin |
||
| 041 |
_2hin _ahin |
||
| 082 | _aO15,1A2(T), 152Q7 | ||
| 100 |
_aशर्मा, वीना विनोई, ले. _9160840 |
||
| 245 | 0 | _aमहाभारतकालीन शिक्षण प्रणाली | |
| 246 | _ahinābhāratakālīn shikṣhaṇ praṇālī | ||
| 260 |
_aदिल्ली _b आास्था प्रकाशन _c2017 |
||
| 300 |
_a155पृ. _ccm. |
||
| 650 |
_a शिक्षण _9156320 |
||
| 650 | _aमहाभारत | ||
| 942 |
_hO15,1A2(T), 152Q7 _cTEXL _2CC |
||
| 999 |
_c300953 _d300953 |
||